|
|
|
|
| LEADER |
01340nam a2200325 a 4500 |
| 001 |
13875147 |
| 008 |
100429s2004 sz gr s i0 a0eng d |
| 010 |
|
|
|a 2005205734
|
| 020 |
|
|
|a 9291733555
|
| 040 |
|
|
|a HkU
|c HkU
|d OCoLC
|d DLC
|d OrPS
|d CLU
|d InU
|d DLC
|d YDXCP
|d DNLM
|d InU
|d BD-DhAAL
|
| 082 |
0 |
4 |
|a 614.599392
|2 22
|
| 245 |
0 |
0 |
|a Report on the global AIDS epidemic.
|
| 246 |
3 |
|
|a Report on the global acquired immunodeficiency syndrome epidemic.
|
| 260 |
|
|
|a Geneva :
|b UNAIDS,
|c 2004-
|
| 300 |
|
|
|a 229 p. :
|b ill. ;
|c 26 cm.
|
| 310 |
|
|
|a Biennial
|
| 362 |
0 |
|
|a 4th global report (2004)-
|
| 500 |
|
|
|a 4th- report accompanied with fold. chart.
|
| 541 |
1 |
|
|a 00015647
|
| 650 |
|
0 |
|a AIDS (Disease)
|x Epidemiology
|v Periodicals.
|
| 650 |
|
0 |
|a AIDS (Disease)
|x Prevention
|v Periodicals.
|
| 650 |
|
0 |
|a HIV infections
|v Statistics
|v Periodicals.
|
| 650 |
1 |
2 |
|a Acquired Immunodeficiency Syndrome
|x epidemiology
|v Statistics.
|
| 650 |
2 |
2 |
|a Disease Outbreaks
|x statistics & numerical data
|
| 650 |
2 |
2 |
|a HIV Infections
|v Statistics.
|
| 650 |
2 |
2 |
|a World Health
|v Statistics.
|
| 710 |
2 |
|
|a Joint United Nations Programme on HIV/AIDS.
|
| 852 |
4 |
|
|a Ayesha Abed Library
|j General Shelf
|
| 999 |
|
|
|c 8326
|d 8326
|
| 952 |
|
|
|0 0
|1 0
|2 ddc
|4 0
|6 614_599392000000000_REP_2004
|7 0
|9 9588
|a BRACUL
|b BRACUL
|c GEN
|d 2010-04-29
|l 0
|o 614.599392 REP
|p 3010015647
|r 2010-04-29
|t 1
|w 2010-04-29
|y BK
|